ANDERSAN MASALLARI (Record no. 679977)

MARC details
000 -LEADER
sabit uzunluktaki kontrol alanı 00253nam a2200097Ia 4500
001 - KONTROL NUMARASI
kontrol alanı 679977
005 - EN SON İŞLEMİN TARİH VE ZAMANI
kontrol alanı 20250826161332.0
008 - SABİT-UZUNLUKTA VERİ ÖĞELERİ--GENEL BİLGİ
sabit uzunluktaki kontrol alanı 250824s9999 xx 000 0 und d
245 #0 - ESER / YAZAR
ESER ADI ANDERSAN MASALLARI
Yazar Adı HANS CRISTIAN ANDERSAN
260 ## - YAYIN, DAĞITIM, VB.
YAYIN EVİ KARATAY GENÇLİK
Holdings
Düşüm durumu Kayıp durumu Hasar Durumu Ödünç verilmez Ana kütüphane Geçerli Kütüphane Edinilen tarih Toplam ödünç verme sayısı Barkod İade tarihi Son görüntüleme tarihi Son ödünç verme tarihi Fiyatın geçerli olmaya başladığı tarih Koha materyal türü
        ÖMER CEMİLE GÜLER İMAM HATİP ORTAOKULU ÖMER CEMİLE GÜLER İMAM HATİP ORTAOKULU 24.08.2025 1 10082884 24.04.2026 09.04.2026 09.04.2026 26.08.2025 Books